000 00761nam a2200241Ia 4500
003 OSt
005 20220923222710.0
006 a|||||r|||| 00| 0
007 ta
008 220922b |||||||| |||| 00| 0 hin d
024 _a207,153
037 _cTextual
040 _aARTS
_cARTS
_bhin
041 _2hin
_ahin
082 _aO152,6N252x, J6
100 _aमिश्र, विद्यानिवास
245 0 _aतुम चंदन हम पानी
246 _aTum chandan ham pānī
260 _aइलाहाबाद
_b भारती भंडार
_c1956
300 _a277पृ.
_ccm.
942 _hO152,6N252x, J6
_cTEXL
_2CC
999 _c357772
_d357772